000
00298nam a22001337a 4500
008
171031b xxu||||| |||| 00| 0 eng d
020
_a
0534932274
041
_a
eng
080
_2
10TH
_a
33
100
_a
58
101
_a
BUS
245
_a
BUSINESS COMMUNICATIONS
_c
HIMSTREET,W.C
942
_2
udc
_c
BK
999
_c
36708
_d
36708